Normal view
MARC view
- Torres Muñoz, Martha Adelina
Entry Nombre Personal
001 - NUMERO DE CONTROL
- campo de control: 47503
003 - IDENTIFICADOR DE NUMERO DE CONTROL
- campo de control: UPN
005 - FECHA Y HORA DE LA ÜLTIMA TRANSACCIÓN
- campo de control: 20221130105846.0
008 - DATOS DE LONGITUD FIJA
- campo de control de longitud fija: 221130|| ac|||aabn | a|a d
024 ## - OTROS IDENTIFICADORES NORMALIZADOS
- Fuente: orcid
- Número normalizado o código: 0000-0002-8481-0048
040 ## - FUENTE DE CATALOGACIÓN
- Agencia original de catalogación: MX-MxUPN
100 1# - ENCABEZAMIENTO - NOMBRE PERSONAL
- Nombre personal: Torres Muñoz, Martha Adelina
370 ## - LUGAR ASOCIADO
- Place of birth: México
371 ## - DIRECCIÓN
- Address: Instituto Literario # 100. Col. Centro
- City: Estado de México
- Country: México
- Postal code: 50000
- Electronic mail address: nina_156ch@hotmail.com
372 ## - CAMPO DE ACTIVIDAD
- Field of activity: Ciencias de la Salud
- Field of activity: Somatización, personalidad, pareja, resiliencia, entre otras variables psicosocioculturales y de salud
- Field of activity: Docencia
373 ## - GRUPO ASOCIADO
- Associated group: Universidad Autónoma del Estado de México
374 ## - OCUPACIÓN
- Occupation: Doctora en Ciencias de la Salud
- Occupation: Profesora universitaria
375 ## - GÉNERO
- Gender: femenino
377 ## - LENGUA ASOCIADA
- Language code: spa
400 ## - VEÁSE - NOMBRE DE PERSONA
- Personal name: Muñoz, Martha Adelina Torres
670 ## - FUENTE EN LA QUE SE LOCALIZARON DATOS
- Cita de la fuente: En recurso en línea Acta de investigación psicológica, Vol. 10, no. 2 (2020):
- Información localizada: página 65 (Martha Adelina Torres Muñoz)
- Uniform Resource Identifier: https://www.revista-psicologia.unam.mx/revista_aip/index.php/aip/article/view/347/279
902 ## - CATALOGADOR
- Catalogador: RGJD/301122
